00000000nam##2200000za#4500
0019.680402
003CaOODSP
00520210615132351
007ta
008150407|1998||||xxc|||||     f|0| 0 fre|d
020 |a0-660-95962-3
040 |aCaOODSP|bfre
043 |an-cn---
0861 |aFs23-340/1998F
1101 |aCanada. |bMinistère des pêches et des océans.
24510|aLes contaminants chimiques dans les écosystèmes aquatiques du Canada / |cPréparé sous la direction de Ronald C. Pierce, D. M. Whittle et Jonathan Burton Bramwell.
260 |aOttawa - Ontario : |bPêches et Océans Canada |c1998.
300 |a361p. : |bfigures, graphiques, références, tableaux ; |c28 cm.
500 |a«Le rapport résume l'information scientifique déjà recueillie sur les contaminants, en soulignant les résultats obtenus et publiés depuis dix ans par les chercheurs canadiens.»--Page 2.
5203 |a"Contaminants chimiques" est basé sur les conclusions scientifiques qui ont été examinées par une équipe de spécialistes impartiaux. La publication offre aux lecteurs un aperçu global de l'information courante sur les produits chimiques toxiques qui se trouvent dans les eaux canadiennes. Les sujets varient d'une étude sur les variations géographiques aux tendances temporelles en ce qui a trait à la contamination chimique en passant par la détermination de contaminants chimiques qui pourraient devenir une source de problèmes.
563 |aCouverture souple
590 |a98-51|b1998-12-18
69107|aContamination|2gcpds
7201 |aPierce, Ronald C.
7201 |aWhittle, D.M.
7201 |aBramwell, Johathan Burton
77508|tChemical contaminants in Canadian aquatic ecosystems / |w(CaOODSP)9.646909
7760#|tLes contaminants chimiques dans les écosystèmes aquatiques du Canada / |w(CaOODSP)9.643625